| 000 | 00470nam a2200181Ia 4500 | ||
|---|---|---|---|
| 005 | 20250508161645.0 | ||
| 008 | 008 250505s9999 xx 000 0 eng d | ||
| 037 | _aTextual | ||
| 040 |
_aFEDL _beng _cFEDL |
||
| 041 |
_aeng _2eng |
||
| 084 |
_a790, MUS _qFEDL |
||
| 100 |
_aMusselman Virginia W _9771216 |
||
| 245 | 0 | _aLearning about nature through games | |
| 260 | _c1967 | ||
| 300 | _a128p. | ||
| 942 |
_cTEXL _h790, MUS |
||
| 999 |
_c1371371 _d1371371 |
||